| 000 | 00605nam a2200229 a 4500 | ||
|---|---|---|---|
| 001 | 954149 | ||
| 005 | 20180213063905.0 | ||
| 008 | 840113s1984 ilua 001 0 eng | ||
| 010 | _a 84080055 | ||
| 020 | _a0813424062 | ||
| 040 |
_aDLC _cDLC _dDLC |
||
| 041 | _aeng | ||
| 043 | _an-us--- | ||
| 080 | _a630..20373 har | ||
| 082 | 0 | 0 |
_a630..20373 har _219 |
| 100 | 1 | _a9 | |
| 101 | _amje | ||
| 245 | 1 | 0 |
_aSOE programs in agriculture / _cHarold R. Binkley, Charles W. Byers. |
| 740 | 0 | _aS.O.E. programs in agriculture. | |
| 906 |
_a7 _bcbc _corignew _d3 _eopcn _f19 _gy-gencatlg |
||
| 942 |
_2ddc _cBK |
||
| 999 |
_c42367 _d42367 |
||